000 01066nam a2200265 c 4500
005 20200329195151.0
008 200304s2019 ck |||gr|||| 00| 0 spa d
020 _a9789587843354
020 _a9789587843361
_cISBN ePub
020 _a9789587843378
_cISBN PDF
040 _aCO-BoUCM
_bspa
_cDeissy Garcia
_dDeissy Garcia
041 0 _aspa
100 1 _aRubiano Muñoz, Rafael
_948151
245 1 0 _aBaldomero Sanín
_bun intelectual transeúnte y un liberal de izquierda. A los 62 años de su muerte
_cRafael Rubiano Muñoz,
260 _bUniversidad del Rosario
_c2019
_aBogotá
300 _axi, 514 páginas
490 0 _aCiencias Humanas
504 _aIncluye referencias bibliográficas
600 0 _949493
_aSanín Cano, Baldomero
_d1861-1957
_xBiografía
650 1 7 _934755
_aPeriodistas colombianos
_vBiografías
_ySiglo XX
650 1 7 _971973
_aIntelectuales colombianos
_xBiografías
_ySiglo XX
700 1 _9100153
_aGonzález Peláez, Valeria Isabela Nieves
942 _cLIBRO
_2DEWEY
_a21
_e20
_h920.5
_mS227r
999 _c317351
_d317351